=LDR 00000nam 2200000 4500 =001 INLIS000000000022498 =005 20200907030724 =035 ##$$a 0010-061300000022498 =008 200907################g##########0#ind## =041 ##$$a Ind =082 ##$$a 301 =090 ##$$a 301, Suk m =100 1#$$a Sukanto, Surjono =245 1#$$a Memperkenalkan sosiologi, /$c Surjono Sukanto =260 ##$$a Jakarta :$b Rajawali press,$c 1988 =300 ##$$a ix, 93 hlm, ; $c 14 x 21 cm =650 #4$$a Sosiologi =850 ##$$a NBPNMAT =084 ##$$a 301 SUK m =020 ##$$a 979-421-179-6 =250 ##$$a cet.4 =990 ##$$a 00046169